Cadernos FGV Direito Rio Educaȯ̂ e direito Vol. 9

Detalles Bibliográficos
Formato: eBook
Lenguaje:portugués
Publicado: Rio de Janeiro: FGV - Direito Rio, 2014
Materias:
Acceso en línea:Acceso restringido

MARC

LEADER 00000nam a22000007a 4500
005 20141010015952.0
007 cr|||| ||||
008 141010s2014 br |||||s|||| 00||0 por d
020 |a 978-85-63265-35-7 
035 |a 12458 
040 |a vLex 
090 |c 5221  |d 5221 
245 0 0 |a Cadernos FGV Direito Rio  |h [Recurso electrn̤ico] /  |b Educaȯ̂ e direito  |n Vol. 9 
256 |a Servicio en ln̕ea 
260 |a Rio de Janeiro:  |b FGV - Direito Rio,  |c 2014 
300 |a 1 recurso electrn̤ico 
500 |a Globalizaȯ̂ do ensino jurd̕ico. 
506 1 |a Disponible solo en los productos indicados  |d vLex Global  |d vLex Global (Academic Edition, excluding Law Schools)  |d vLex Global (U.S. Academic Edition, Law Schools)  |d vLex Global (U.S. Academic Edition, excluding Law Schools)  |d vLex Global (Academic Edition, Law Schools) 
650 0 4 |a Derecho Civil  |z Brasil 
650 0 4 |a Educacin̤  |z Brasil 
740 0 |a vLex Libros (Servicio en ln̕ea) 
856 4 0 |u http://vlex.com/source/cadernos-fgv-direito-rio-educa-o-direito-vol-9-12458  |z Acceso restringido 
942 |c BOOK 
999 0 |a Civil Law 
999 0 |a Education